000 00591nam a2200217Ia 4500
003 OSt
005 20220925213710.0
006 a|||||r|||| 00| 0
007 ta
008 220923b |||||||| |||| 00| 0 eng d
037 _cGeneral Book
040 _aRTL
_cRTL
_beng
041 _2eng
_aeng
082 _aB281, M8
100 _aTuckwell H C
_9278874
245 0 _aElementary applications of probability theory
260 _aLondon
_bChapman and Hall
_c1988
300 _axiii, 225P
_ccm.
942 _hB281, M8
_cGB
_2CC
999 _c563505
_d563505